Your word against mine (Record no. 67155)
[ view plain ]
| 000 -LEADER | |
|---|---|
| fixed length control field | 01336cam a2200229 4500 |
| 001 - CONTROL NUMBER | |
| control field | ABS63980 |
| 008 - FIXED-LENGTH DATA ELEMENTS--GENERAL INFORMATION | |
| fixed length control field | 000000n2001 000 0 eng u |
| 035 ## - SYSTEM CONTROL NUMBER | |
| System control number | (Sirsi) u112810 |
| 100 ## - MAIN ENTRY--PERSONAL NAME | |
| Personal name | Bingham, T |
| 245 ## - TITLE STATEMENT | |
| Title | Your word against mine |
| 260 ## - PUBLICATION, DISTRIBUTION, ETC. | |
| Date of publication, distribution, etc. | 2001 |
| 490 ## - SERIES STATEMENT | |
| Series statement | Building |
| Volume/sequential designation | 266(8185) 18 May 2001, 58-59(2) |
| 520 ## - SUMMARY, ETC. | |
| Summary, etc. | Considers the argument that engineers can deal with disputes without appointing an outside adjudicator, by calling a dispute a 'matter of dissatisfaction'. The ICE standard form document does allow for dispute resolution and the decision of an ICE adjudictor is enforceable due to the law of contract. However, this does not prevent either party from calling for an adjudicator under the Construction Act 1996 at any time, to avoid the ICE's one month time period. Also explains the problem of ambushes which occur when one party calls in an adjudictor before a dispute has fully matured. |
| 590 ## - LOCAL NOTE (RLIN) | |
| Local note | ABS |
| 650 ## - SUBJECT ADDED ENTRY--TOPICAL TERM | |
| Topical term or geographic name entry element | INSTITUTION OF CIVIL ENGINEERS |
| 650 ## - SUBJECT ADDED ENTRY--TOPICAL TERM | |
| Topical term or geographic name entry element | HOUSING GRANTS, CONSTRUCTION AND REGENERATION ACT 1996 |
| 650 ## - SUBJECT ADDED ENTRY--TOPICAL TERM | |
| Topical term or geographic name entry element | MANAGEMENT-DISPUTE AVOIDANCE, MANAGEMENT AND RESOLUTION-DISPUTE MANAGEMENT AND RESOLUTION-ALTERNATIVE DISPUTE RESOLUTION-ADJUDICATION |
| 650 ## - SUBJECT ADDED ENTRY--TOPICAL TERM | |
| Topical term or geographic name entry element | CONSTRUCTION DISPUTES |
| 650 ## - SUBJECT ADDED ENTRY--TOPICAL TERM | |
| Topical term or geographic name entry element | ICE FORM OF CONTRACT |
| 690 ## - LOCAL SUBJECT ADDED ENTRY--TOPICAL TERM (OCLC, RLIN) | |
| Topical term or geographic name as entry element | Dispute resolution |
| 9 (RLIN) | 6236 |
| 942 ## - ADDED ENTRY ELEMENTS (KOHA) | |
| Suppress in OPAC | 0 |
| Withdrawn status | Lost status | Source of classification or shelving scheme | Damaged status | Not for loan | Home library | Current library | Shelving location | Date acquired | Total Checkouts | Full call number | Barcode | Date last seen | Copy number | Price effective from | Koha item type |
|---|---|---|---|---|---|---|---|---|---|---|---|---|---|---|---|
| Dewey Decimal Classification | London | London | Journal article | 29/05/2001 | ABS63980 | 112810-1001 | 06/08/2019 | 1 | 06/08/2019 | Journal article |